00514nam a22001812 4500001001100000005001700011008004100028020001700069040001500086100003300101245005700134250001300191260003600204300001900240650004100259700002900300852000300329000002489320151217155237.0140324s xx 000 0 eng d a0071317511 : aKABUcKABU1 aNavidi, William.@000018309610aElementary statistics /cWilliam Navidi, Barry Monk. a1st ed. aNew York :bMcGraw-Hill,c2013. axxxii, 631 p. 0aMathematical statistics.@00001481961 aMonk, Barry.@00001851551